000 00432nam a22001817a 4500
003 OSt
005 20251003142009.0
008 251003b |||||||| |||| 00| 0 eng d
020 _a9788119335343
082 _a8H3
_b SHAB
100 _aSharma, Anurodh
245 _aBhole Anarya Ki prem kahani
260 _aPrayagraj
_bRudraditya Prakashan
300 _a134p.
546 _aHindi
651 _aHindi Fiction
942 _2ddc
_cBK
999 _c3868
_d3868